000 00702nam a2200253Ia 4500
003 OSt
005 20221007070833.0
006 a|||||r|||| 00| 0
007 ta
008 221006b |||||||| |||| 00| 0 eng d
024 _a28,067
037 _cTextual
040 _aFLL
_cFLL
_beng
041 _2eng
_aeng
082 _aZ73,31,71, K9
100 _aDawson John P.
245 0 _aCases on restitution
250 _a2nd
260 _aIndianapolis
_bThe Bobbs-Merrill Company, Inc. Indianapolis
_c1969
300 _aliii,1065
_ccm.
700 _a Palmer George E.
_9687787
942 _hZ73,31,71, K9
_cTEXL
_2CC
999 _c1141674
_d1141674